Impact of business forecasting on demand planning : a strategy for improving business forecasting and reducing inventories throughout the supply chain for fast moving consumer goods in the Middle East market /
Saved in:
| Main Author: | |
|---|---|
| Format: | Thesis |
| Language: | English |
| Published: |
Bradford, England :
University of Bradford,
1999
|
| Subjects: | |
| Tags: |
Add Tag
No Tags, Be the first to tag this record!
|
| LEADER | 013940000a22003010004500 | ||
|---|---|---|---|
| 008 | 111125t1999 xxka g m 000 0 eng d | ||
| 040 | |a UIAM |b eng | ||
| 050 | 4 | |a HD30.27 | |
| 100 | 1 | |a Tanwari, Anwar Uddin |9 118857 | |
| 245 | 1 | 0 | |a Impact of business forecasting on demand planning : |b a strategy for improving business forecasting and reducing inventories throughout the supply chain for fast moving consumer goods in the Middle East market / |c by Anwar Uddin Tanwari |
| 260 | |a Bradford, England : |b University of Bradford, |c 1999 | ||
| 300 | |a xiii, 325 leaves : |b ill. ; |c 30 cm. | ||
| 336 | |2 rdacontent | ||
| 337 | |2 rdamedia | ||
| 338 | |2 rdacarrier | ||
| 500 | |a "A thesis submitted to the University of Bradford for the degree of Doctor of Philosophy."--On t. p. | ||
| 502 | |a Thesis (Ph. D.)--University of Bradford, 1999 | ||
| 504 | |a Includes bibliographical references (leaves 268-295). | ||
| 650 | 0 | |a Business forecasting |9 118858 | |
| 650 | 0 | |a Business logistics |9 6829 | |
| 650 | 0 | |a Management |x Forecasting |9 118859 | |
| 650 | 0 | |a Production management |9 10240 | |
| 655 | 0 | 7 | |a Theses, Facsimile edition (Islamic) |
| 710 | 2 | |a University of Bradford |9 53771 | |
| 900 | |a hj-mrm | ||
| 942 | |2 lcc |n 0 | ||
| 999 | |c 434597 |d 466210 | ||
| 952 | |0 0 |6 TI HD 000030.27 T169I 1999 |7 0 |8 THESES |9 757297 |a IIUM |b IIUM |c MULTIMEDIA |g 640.00 |o ti HD 30.27 T169I 1999 |p 00011202296 |r 2017-10-23 |t 1 |v 640.00 |y THESIS | ||
